[Event "Pan American-ch Seniors 65"]
[Site "Sao Paulo"]
[Date "2014.12.20"]
[Round "6"]
[White "Farias, Sergio Luiz Cardoso"]
[Black "Browne, Walter Shawn"]
[Result "0-1"]
[WhiteElo "1574"]
[BlackElo "2432"]
[PlyCount "94"]
[EventDate "2014.12.17"]
[EventType "swiss"]
[EventRounds "7"]
[EventCountry "BRA"]
[SourceTitle "CBM 164 Extra"]
[Source "ChessBase"]
[SourceDate "2015.03.02"]
[SourceVersion "1"]
[SourceVersionDate "2015.03.02"]
[SourceQuality "1"]

1. Nf3 Nf6 2. d4 e6 3. c4 b6 4. Nc3 Bb4 5. e3 Bb7 6. Bd2 0-0 7. Bd3 d6 8. 0-0 Nbd7 9. a3 Bxc3 10. Bxc3 Ne4 11. Be1 f5 12. Nd2 Qg5 13. Nxe4 fxe4 14. Be2 Rf6 15. Bc3 Rg6 16. g3 Nf6 17. Bd2 Re8 18. f4 Qf5 19. Rf2 h5 20. Kh1 h4 21. Rg2 hxg3 22. hxg3 Qh3+ 23. Rh2 Qxg3 24. Qg1 Ba6 25. Qxg3 Rxg3 26. b4 Ng4 27. Bxg4 Rxg4 28. b5 Bb7 29. Rh3 a6 30. a4 Ra8 31. Bc3 a5 32. Kh2 c6 33. Rf1 cxb5 34. cxb5 Rc8 35. Rc1 Rc4 36. Bb2 Rxa4 37. Rc7 Ra2 38. Rc2 Bd5 39. Rg3 Rxg3 40. Kxg3 a4 41. Rc8+ Kh7 42. Bc1 Ra1 43. Bb2 Rb1 44. Ba3 Rb3 45. Bxd6 a3 46. Rc1 a2 47. Ra1 Rb1 0-1

[Event "Pan American-ch Seniors 65"]
[Site "Sao Paulo"]
[Date "2014.12.19"]
[Round "4"]
[White "Moraes, Maurino Anastacio"]
[Black "Browne, Walter Shawn"]
[Result "0-1"]
[WhiteElo "1701"]
[BlackElo "2432"]
[PlyCount "44"]
[EventDate "2014.12.17"]
[EventType "swiss"]
[EventRounds "7"]
[EventCountry "BRA"]
[SourceTitle "CBM 164 Extra"]
[Source "ChessBase"]
[SourceDate "2015.03.02"]
[SourceVersion "1"]
[SourceVersionDate "2015.03.02"]
[SourceQuality "1"]

1. e4 c5 2. Nf3 Nc6 3. d4 cxd4 4. Nxd4 Nf6 5. Nc3 e5 6. Nb3 Bb4 7. Nd2 d5 8. Nxd5 Nxd5 9. exd5 Qxd5 10. c3 Bc5 11. Qf3 Qxf3 12. gxf3 Be6 13. Ne4 Be7 14. Rg1 f5 15. Bh3 Kf7 16. Ng3 g6 17. b3 a5 18. f4 a4 19. b4 exf4 20. Bxf4 Bf6 21. Kd2 Rhd8+ 22. Kc2 Nxb4+ 0-1

[Event "Reykjavik op"]
[Site "Reykjavik"]
[Date "2014.03.11"]
[Round "9"]
[White "Ptacnikova, Lenka"]
[Black "Browne, Walter Shawn"]
[Result "1/2-1/2"]
[WhiteElo "2239"]
[BlackElo "2444"]
[PlyCount "134"]
[EventDate "2014.03.04"]
[EventType "swiss"]
[EventRounds "10"]
[EventCountry "ISL"]
[SourceTitle "CBM 159 Extra"]
[Source "ChessBase"]
[SourceDate "2014.04.24"]
[SourceVersion "1"]
[SourceVersionDate "2014.04.24"]
[SourceQuality "1"]

1. c4 e5 2. g3 Nc6 3. Bg2 g6 4. Nc3 Bg7 5. e4 d6 6. Nge2 f5 7. d3 Nf6 8. exf5 Bxf5 9. 0-0 Qd7 10. d4 0-0 11. d5 Ne7 12. Bg5 Rf7 13. Qd2 Raf8 14. Rad1 h5 15. h4 Nh7 16. f3 Nxg5 17. hxg5 Bh3 18. Ne4 Bxg2 19. Kxg2 Nf5 20. Qd3 h4 21. g4 Nd4 22. Nxd4 exd4 23. Kh3 Be5 24. Rde1 Rf4 25. Nf6+ Bxf6 26. gxf6 R8xf6 27. Kxh4 Qf7 28. Kg3 c5 29. Re4 g5 30. Qe2 Kf8 31. Kg2 Rxe4 32. Qxe4 Rf4 33. Qd3 Qe7 34. Rh1 Qe3 35. Rh8+ Ke7 36. Rh7+ Kd8 37. Qxe3 dxe3 38. b3 Rd4 39. Kf1 Rd2 40. Rxb7 Rxa2 41. Rg7 Rf2+ 42. Ke1 Rxf3 43. Ke2 Rf2+ 44. Kxe3 Rb2 45. Rxa7 Rxb3+ 46. Ke4 Rb4 47. Kf5 Rxc4 48. Ke6 Rxg4 49. Kxd6 Ke8 50. Kxc5 Rf4 51. Kc6 Rc4+ 52. Kd6 g4 53. Re7+ Kf8 54. Re1 g3 55. Rg1 Rc3 56. Kd7 Kf7 57. Rf1+ Kg6 58. d6 Kg5 59. Ke7 Re3+ 60. Kd8 Rd3 61. d7 Kg4 62. Rc1 g2 63. Kc8 Kf3 64. d8Q Rxd8+ 65. Kxd8 Kf2 66. Rc2+ Kf1 67. Rxg2 Kxg2 1/2-1/2

[Event "Reykjavik op"]
[Site "Reykjavik"]
[Date "2014.03.09"]
[Round "7"]
[White "Gajewski, Grzegorz"]
[Black "Browne, Walter Shawn"]
[Result "1/2-1/2"]
[WhiteElo "2629"]
[BlackElo "2444"]
[PlyCount "96"]
[EventDate "2014.03.04"]
[EventType "swiss"]
[EventRounds "10"]
[EventCountry "ISL"]
[SourceTitle "CBM 159 Extra"]
[Source "ChessBase"]
[SourceDate "2014.04.24"]
[SourceVersion "1"]
[SourceVersionDate "2014.04.24"]
[SourceQuality "1"]

1. d4 Nf6 2. c4 e6 3. Nc3 Bb4 4. Qc2 0-0 5. e4 d5 6. e5 Ne4 7. Bd3 c5 8. Nge2 Nc6 9. 0-0 cxd4 10. cxd5 exd5 11. Nxd5 Qxd5 12. Bxe4 Qxe5 13. Bxh7+ Kh8 14. Bd3 Be6 15. f4 Qc5 16. Qd1 f5 17. Ng3 Qd5 18. Bd2 Bxd2 19. Qxd2 Rae8 20. Rae1 Bd7 21. a3 g6 22. Rxe8 Rxe8 23. Re1 Rxe1+ 24. Qxe1 Kg7 25. Ne2 Qb3 26. Qd2 Be6 27. Nc1 Qb6 28. h4 Bd5 29. b4 a6 30. h5 gxh5 31. Bxf5 Qd8 32. Bc2 Qe7 33. Ne2 Qe3+ 34. Qxe3 dxe3 35. Bd3 h4 36. Kf1 Ne7 37. Nd4 Ng6 38. Nf5+ Kf6 39. Nxe3 Nxf4 40. Nxd5+ Nxd5 41. Kf2 Ke5 42. Kf3 b5 43. Be4 Nb6 44. Bb7 Nc4 45. Kg4 Nxa3 46. Kxh4 Nc2 47. Bxa6 Kf6 48. Bxb5 Nxb4 1/2-1/2

[Event "Reykjavik op"]
[Site "Reykjavik"]
[Date "2014.03.06"]
[Round "4"]
[White "Browne, Walter Shawn"]
[Black "Van Kampen, Robin"]
[Result "0-1"]
[WhiteElo "2444"]
[BlackElo "2603"]
[PlyCount "48"]
[EventDate "2014.03.04"]
[EventType "swiss"]
[EventRounds "10"]
[EventCountry "ISL"]
[SourceTitle "CBM 159 Extra"]
[Source "ChessBase"]
[SourceDate "2014.04.24"]
[SourceVersion "1"]
[SourceVersionDate "2014.04.24"]
[SourceQuality "1"]

1. e4 c5 2. Nf3 e6 3. d4 cxd4 4. Nxd4 Nc6 5. Nc3 Qc7 6. Be3 a6 7. Qd2 Nf6 8. f3 Be7 9. 0-0-0 b5 10. g4 Nxd4 11. Qxd4 Bb7 12. g5 Nh5 13. Bh3 Rc8 14. Bg4 b4 15. Bxh5 bxc3 16. b3 e5 17. Qa4 Bc6 18. Qxa6 Ra8 19. Qc4 Rxa2 20. Qxc3 0-0 21. Bg4 Rc8 22. Bc5 Bxe4 23. fxe4 Bxc5 24. Kb1 Bd4 0-1

[Event "Auburn Power op 1st"]
[Site "Auburn Hills"]
[Date "2012.11.02"]
[Round "1"]
[White "Haessler, Carl A"]
[Black "Browne, Walter Shawn"]
[Result "0-1"]
[WhiteElo "2164"]
[BlackElo "2453"]
[PlyCount "88"]
[EventDate "2012.11.02"]
[EventType "swiss"]
[EventRounds "5"]
[EventCountry "USA"]
[SourceTitle "EXT 2014"]
[Source "ChessBase"]
[SourceDate "2013.11.20"]
[SourceVersion "1"]
[SourceVersionDate "2013.11.20"]
[SourceQuality "1"]

1. c4 e5 2. g3 Nc6 3. Bg2 g6 4. b3 Bg7 5. Bb2 d6 6. e3 f5 7. Ne2 Nf6 8. d4 e4 9. a3 0-0 10. 0-0 Ne7 11. d5 g5 12. Nbc3 Ng6 13. f3 exf3 14. Bxf3 Qe7 15. Qd2 Ne5 16. Nd4 Nxf3+ 17. Rxf3 Ne4 18. Nxe4 Qxe4 19. Raf1 Bd7 20. Qf2 Rae8 21. Nxf5 Rxf5 22. Rxf5 Qxf5 23. Qxf5 Bxf5 24. Bxg7 Bh3 25. Bd4 Bxf1 26. Kxf1 g4 27. Ke2 a6 28. a4 h5 29. b4 Kh7 30. a5 Kg6 31. c5 Kf7 32. Kd3 Ke7 33. Bg7 Kd7 34. e4 c6 35. Kd4 Rg8 36. Bh6 cxd5 37. Kxd5 dxc5 38. bxc5 Rg6 39. Bf4 Rf6 40. e5 Rf5 41. Be3 Ke7 42. Bf4 Rxf4 43. gxf4 h4 44. Ke4 h3 0-1

[Event "Las Vegas National op"]
[Site "Las Vegas"]
[Date "2010.06.12"]
[Round "3"]
[White "Browne, Walter Shawn"]
[Black "Tregubov, Pavel V"]
[Result "1/2-1/2"]
[WhiteElo "2441"]
[BlackElo "2622"]
[PlyCount "67"]
[EventDate "2010.06.11"]
[EventType "swiss"]
[EventRounds "6"]
[EventCountry "USA"]
[SourceTitle "CBM 136 Extra"]
[Source "ChessBase"]
[SourceDate "2010.07.02"]
[SourceVersion "2"]
[SourceVersionDate "2010.07.15"]
[SourceQuality "1"]

1. e4 c5 2. Nf3 Nc6 3. d4 cxd4 4. Nxd4 e6 5. Nc3 a6 6. Be3 Nf6 7. Qd2 Bb4 8. f3 Qc7 9. a3 Be7 10. g4 h6 11. 0-0-0 b5 12. Rg1 b4 13. axb4 Bxb4 14. Nxc6 dxc6 15. Bd4 Bb7 16. g5 hxg5 17. Qxg5 0-0-0 18. Bc4 Nd7 19. Qxg7 Qf4+ 20. Kb1 c5 21. Na2 Ba5 22. Qg5 Qxg5 23. Rxg5 Rxh2 24. Bxc5 Nxc5 25. Rxc5+ Kb8 26. Bd3 Bd2 27. Rc4 Rf2 28. Nc3 Bxc3 29. Rxc3 Rxf3 30. Re1 Rf4 31. Rc4 Rc8 32. Rxc8+ Kxc8 33. b4 f5 34. exf5 1/2-1/2

[Event "Las Vegas National op"]
[Site "Las Vegas"]
[Date "2008.06.06"]
[Round "1"]
[White "Browne, Walter Shawn"]
[Black "Eden, Tomer"]
[Result "1/2-1/2"]
[WhiteElo "2444"]
[BlackElo "2134"]
[PlyCount "42"]
[EventDate "2008.06.06"]
[EventType "swiss"]
[EventRounds "6"]
[EventCountry "USA"]
[SourceTitle "CBM 124 Extra"]
[Source "ChessBase"]
[SourceDate "2008.07.03"]
[SourceVersion "1"]
[SourceVersionDate "2008.07.03"]
[SourceQuality "1"]

1. e4 c6 2. d4 d5 3. Nc3 dxe4 4. Nxe4 Bf5 5. Ng3 Bg6 6. Nf3 Nd7 7. h4 h6 8. h5 Bh7 9. Bd3 Bxd3 10. Qxd3 e6 11. Bf4 Qa5+ 12. Bd2 Qc7 13. 0-0-0 0-0-0 14. Qe2 Bd6 15. Ne4 Bf4 16. Bxf4 Qxf4+ 17. Kb1 Ngf6 18. Nxf6 Qxf6 19. Qe4 Kb8 20. Rd3 Rhe8 21. Rhd1 Nb6 1/2-1/2

[Event "USA-ch"]
[Site "Stillwater"]
[Date "2007.05.20"]
[Round "6"]
[White "Browne, Walter Shawn"]
[Black "Akobian, Varuzhan"]
[Result "0-1"]
[WhiteElo "2447"]
[BlackElo "2574"]
[PlyCount "76"]
[EventDate "2007.05.15"]
[EventType "swiss"]
[EventRounds "9"]
[EventCountry "USA"]
[SourceTitle "CBM 118"]
[Source "ChessBase"]
[SourceDate "2007.05.31"]
[SourceVersion "1"]
[SourceVersionDate "2007.05.31"]
[SourceQuality "1"]

1. e4 e6 2. d4 d5 3. Nc3 Nf6 4. e5 Nfd7 5. f4 c5 6. Nf3 Nc6 7. Be3 a6 8. Qd2 Be7 9. Be2 0-0 10. 0-0 b5 11. Nd1 b4 12. Nf2 a5 13. dxc5 Nxc5 14. Nd4 Nxd4 15. Bxd4 Ba6 16. Rae1 Qc7 17. Kh1 Rfc8 18. Qe3 Bxe2 19. Rxe2 Ra6 20. g4 Rc6 21. f5 Kh8 22. f6 gxf6 23. exf6 Bd6 24. Qh6 Rg8 25. Qh5 Rg6 26. Nh3 Ne4 27. Rxe4 dxe4 28. Ng5 Rxg5 29. Qxg5 Bf8 30. c3 a4 31. a3 bxa3 32. bxa3 Qb7 33. Kg1 Rc8 34. Re1 Qd5 35. Qe3 Bxa3 36. Ra1 Bf8 37. Rxa4 e5 38. Qg5 Qb3 0-1

[Event "World op 34th"]
[Site "Philadelphia"]
[Date "2006.07.04"]
[Round "8"]
[White "Browne, Walter Shawn"]
[Black "Hansen, Lars Bo"]
[Result "1/2-1/2"]
[WhiteElo "2434"]
[BlackElo "2560"]
[PlyCount "64"]
[EventDate "2006.06.28"]
[EventType "swiss"]
[EventRounds "9"]
[EventCountry "USA"]
[SourceTitle "CBM 112 Extra"]
[Source "ChessBase"]
[SourceDate "2006.07.14"]
[SourceVersion "1"]
[SourceVersionDate "2006.07.14"]
[SourceQuality "1"]

1. e4 c6 2. d4 d5 3. Nc3 dxe4 4. Nxe4 Bf5 5. Ng3 Bg6 6. h4 h6 7. Nf3 Nd7 8. h5 Bh7 9. Bd3 Bxd3 10. Qxd3 e6 11. Bf4 Qa5+ 12. Bd2 Bb4 13. c3 Be7 14. c4 Qc7 15. 0-0 Ngf6 16. Rfe1 0-0 17. Nf5 exf5 18. Rxe7 Qd8 19. Re2 Ne4 20. Rae1 Ndc5 21. Qc2 Ne6 22. Be3 Qf6 23. d5 cxd5 24. cxd5 N6g5 25. Nd2 Rad8 26. Bxg5 Qxg5 27. Nxe4 fxe4 28. Qxe4 Rxd5 29. Qe7 Qxe7 30. Rxe7 Rxh5 31. Rxb7 a5 32. g3 Rc8 1/2-1/2

[Event "World op 34th"]
[Site "Philadelphia"]
[Date "2006.07.04"]
[Round "9"]
[White "Ehlvest, Jaan"]
[Black "Browne, Walter Shawn"]
[Result "1-0"]
[WhiteElo "2607"]
[BlackElo "2434"]
[PlyCount "99"]
[EventDate "2006.06.28"]
[EventType "swiss"]
[EventRounds "9"]
[EventCountry "USA"]
[SourceTitle "CBM 112 Extra"]
[Source "ChessBase"]
[SourceDate "2006.07.14"]
[SourceVersion "1"]
[SourceVersionDate "2006.07.14"]
[SourceQuality "1"]

1. Nf3 Nf6 2. c4 b6 3. Nc3 Bb7 4. d4 e6 5. Bg5 Bb4 6. Nd2 h6 7. Bh4 c5 8. d5 exd5 9. cxd5 g5 10. Bg3 Nxd5 11. Nxd5 Bxd5 12. a3 Ba5 13. h4 Qf6 14. Qc2 Nc6 15. e3 Bxd2+ 16. Qxd2 Be6 17. Bb5 0-0 18. hxg5 hxg5 19. f4 Bf5 20. fxg5 Qxg5 21. Bf4 Qg7 22. Rh5 Bg6 23. Rd5 Rfe8 24. Be2 Ne5 25. Qc3 f6 26. 0-0-0 Re7 27. g4 Bf7 28. Bxe5 fxe5 29. Rxd7 Rae8 30. Bb5 Qg5 31. Qe1 Rxd7 32. Rxd7 Qxg4 33. Qh1 Rf8 34. Rd1 Bg6 35. Rg1 Qf5 36. e4 Qf4+ 37. Kb1 Kg7 38. Bd7 Rf6 39. Bf5 Rxf5 40. exf5 Qxf5+ 41. Ka1 Qe6 42. Qb7+ Kf6 43. Rf1+ Bf5 44. Qh7 e4 45. Qh6+ Ke5 46. Qf4+ Kf6 47. Rd1 Qb3 48. Qh6+ Kf7 49. Rf1 Qd5 50. Qg5 1-0

[Event "World op 34th"]
[Site "Philadelphia"]
[Date "2006.06.30"]
[Round "3"]
[White "Cadman, Chuck"]
[Black "Browne, Walter Shawn"]
[Result "0-1"]
[WhiteElo "2272"]
[BlackElo "2434"]
[PlyCount "40"]
[EventDate "2006.06.28"]
[EventType "swiss"]
[EventRounds "9"]
[EventCountry "USA"]
[SourceTitle "CBM 112 Extra"]
[Source "ChessBase"]
[SourceDate "2006.07.14"]
[SourceVersion "1"]
[SourceVersionDate "2006.07.14"]
[SourceQuality "1"]

1. Nf3 Nf6 2. g3 b5 3. Bg2 Bb7 4. 0-0 e6 5. d3 d5 6. Ne5 Bd6 7. f4 Nbd7 8. Nxd7 Qxd7 9. c4 bxc4 10. dxc4 Bc5+ 11. e3 0-0-0 12. cxd5 Nxd5 13. Qb3 Ba6 14. Rd1 Be2 15. Re1 Qb5 16. Nc3 Qxb3 17. axb3 Bd3 18. Bxd5 exd5 19. Ra5 Bb4 20. Rxa7 Bc2 0-1

[Event "USA-ch GpB"]
[Site "San Diego"]
[Date "2006.03.07"]
[Round "5"]
[White "Zatonskih, Anna"]
[Black "Browne, Walter Shawn"]
[Result "1-0"]
[WhiteElo "2433"]
[BlackElo "2434"]
[PlyCount "81"]
[EventDate "2006.03.02"]
[EventType "swiss"]
[EventRounds "9"]
[EventCountry "USA"]
[SourceTitle "CBM 112"]
[Source "ChessBase"]
[SourceDate "2006.06.07"]
[SourceVersion "1"]
[SourceVersionDate "2006.06.07"]
[SourceQuality "1"]

1. d4 Nf6 2. c4 e6 3. Nf3 b6 4. g3 Ba6 5. b3 Bb7 6. Bg2 Bb4+ 7. Bd2 a5 8. 0-0 0-0 9. Nc3 Bxc3 10. Bxc3 Be4 11. Rc1 c6 12. Bh3 h6 13. Re1 d5 14. Ne5 Nfd7 15. Nd3 Nf6 16. f3 Bh7 17. Nf2 b5 18. e4 Nbd7 19. Bd2 bxc4 20. bxc4 dxe4 21. fxe4 e5 22. d5 Nc5 23. Bg2 Qd6 24. Qf3 Nfd7 25. Bh3 Nf6 26. Bc3 Rfe8 27. Bg2 cxd5 28. cxd5 Rec8 29. Qe3 Nfd7 30. Bh3 Rcb8 31. Re2 Rb5 32. Bb2 Qb6 33. Rcc2 Bg6 34. Ba3 Ra7 35. Kg2 Kh7 36. Re1 Rb7 37. Qc3 f6 38. Qf3 Qa7 39. Rec1 Na6 40. Bf5 Nb4 41. Rc8 1-0

[Event "USA-ch GpB"]
[Site "San Diego"]
[Date "2006.03.06"]
[Round "4"]
[White "Browne, Walter Shawn"]
[Black "Perelshteyn, Eugene"]
[Result "0-1"]
[WhiteElo "2434"]
[BlackElo "2522"]
[PlyCount "130"]
[EventDate "2006.03.02"]
[EventType "swiss"]
[EventRounds "9"]
[EventCountry "USA"]
[SourceTitle "CBM 112"]
[Source "ChessBase"]
[SourceDate "2006.06.07"]
[SourceVersion "1"]
[SourceVersionDate "2006.06.07"]
[SourceQuality "1"]

1. e4 c6 2. d4 d5 3. Nc3 dxe4 4. Nxe4 Bf5 5. Ng3 Bg6 6. h4 h6 7. Nf3 Nd7 8. h5 Bh7 9. Bd3 Bxd3 10. Qxd3 e6 11. Bf4 Qa5+ 12. Bd2 Bb4 13. c3 Be7 14. c4 Qc7 15. 0-0-0 Ngf6 16. Kb1 0-0 17. Qe2 Rfe8 18. Ne5 c5 19. Bf4 cxd4 20. Rxd4 Nxe5 21. Bxe5 Qc6 22. Ne4 Nxe4 23. Qxe4 Qxe4+ 24. Rxe4 Rad8 25. Kc2 Rc8 26. Bc3 Rc5 27. b4 Rc6 28. Rd1 Rec8 29. Rd7 R6c7 30. Rxc7 Rxc7 31. c5 Kf8 32. Kd3 Rc6 33. Rd4 Rc7 34. Re4 Rc6 35. Rd4 Rc7 36. a3 Bf6 37. Rd6 Be7 38. Rd4 Bf6 39. Rd6 Be7 40. Be5 f6 41. Bg3 Kf7 42. Rd4 e5 43. Re4 Rd7+ 44. Ke2 Ke6 45. f3 Kd5 46. Bh2 b6 47. cxb6 axb6 48. g4 Rc7 49. Kd2 Ra7 50. Re3 Bxb4+ 51. axb4 Ra2+ 52. Ke1 Rxh2 53. Rd3+ Kc4 54. Rd7 Kxb4 55. Rxg7 b5 56. Rg6 Kc3 57. Rxf6 b4 58. Rxh6 b3 59. Rc6+ Kd3 60. Rb6 b2 61. Kf1 Rh1+ 62. Kg2 b1Q 63. Rxb1 Rxb1 64. g5 e4 65. g6 Rb2+ 0-1

[Event "USA-ch"]
[Site "San Diego"]
[Date "2004.12.04"]
[Round "9"]
[White "Browne, Walter Shawn"]
[Black "Hoekstra, Matthew"]
[Result "1-0"]
[WhiteElo "2455"]
[BlackElo "2369"]
[PlyCount "103"]
[EventDate "2004.11.24"]
[EventType "swiss"]
[EventRounds "9"]
[EventCountry "USA"]
[SourceTitle "CBM 105"]
[Source "ChessBase"]
[SourceDate "2005.04.11"]
[SourceVersion "1"]
[SourceVersionDate "2005.04.11"]
[SourceQuality "1"]

1. e4 c5 2. Nf3 Nc6 3. Bb5 g6 4. 0-0 Bg7 5. Bxc6 bxc6 6. Re1 Nh6 7. c3 f6 8. d4 cxd4 9. cxd4 Nf7 10. Nc3 d6 11. Be3 0-0 12. Rc1 Bd7 13. h3 Qa5 14. Nd2 Rad8 15. Nc4 Qa6 16. b3 f5 17. f3 Qb7 18. Qd2 Kh8 19. Kh1 Qb4 20. Qd3 fxe4 21. fxe4 d5 22. Ne5 Nxe5 23. dxe5 Bxh3 24. gxh3 d4 25. Nd5 cxd5 26. Qxd4 Qb5 27. exd5 Rxd5 28. Qc4 Qd7 29. Qg4 Qb5 30. Rc8 Rdd8 31. Rxd8 Rxd8 32. Qe4 Qa5 33. Bg5 Qxa2 34. Bxe7 Re8 35. Qc6 Rg8 36. Qf3 Qa5 37. b4 Qa6 38. e6 Re8 39. Bc5 h5 40. Qe4 Qa3 41. Qxg6 Qxh3+ 42. Kg1 Qg4+ 43. Qxg4 hxg4 44. b5 Bc3 45. Re3 Bb2 46. Bxa7 Kg7 47. Bc5 Rc8 48. e7 Kf7 49. b6 Bc1 50. Re1 Bf4 51. b7 Rb8 52. Rf1 1-0

[Event "USA-ch"]
[Site "San Diego"]
[Date "2004.12.03"]
[Round "8"]
[White "Schneider, Dmitry"]
[Black "Browne, Walter Shawn"]
[Result "1-0"]
[WhiteElo "2453"]
[BlackElo "2455"]
[PlyCount "57"]
[EventDate "2004.11.24"]
[EventType "swiss"]
[EventRounds "9"]
[EventCountry "USA"]
[SourceTitle "CBM 105"]
[Source "ChessBase"]
[SourceDate "2005.04.11"]
[SourceVersion "1"]
[SourceVersionDate "2005.04.11"]
[SourceQuality "1"]

1. e4 c5 2. Nf3 d6 3. d4 cxd4 4. Nxd4 Nf6 5. Nc3 a6 6. f3 e5 7. Nb3 Be6 8. Be3 Nbd7 9. g4 Nb6 10. g5 Nh5 11. Qd2 Be7 12. 0-0-0 0-0 13. Kb1 Rc8 14. Rg1 Qc7 15. Qf2 Nc4 16. Bxc4 Qxc4 17. f4 Nxf4 18. Bxf4 exf4 19. Qxf4 a5 20. a3 Rc7 21. h4 Rfc8 22. Rg3 Qa6 23. Nd4 Qb6 24. Na4 Qa6 25. Rf3 Bf8 26. Nxe6 fxe6 27. h5 Qb5 28. Rdf1 g6 29. Qxf8+ 1-0

[Event "Western States op"]
[Site "Reno"]
[Date "2004.10.16"]
[Round "3"]
[White "Browne, Walter Shawn"]
[Black "Ivanov, Alexander"]
[Result "0-1"]
[WhiteElo "2508"]
[BlackElo "2633"]
[PlyCount "49"]
[EventDate "2004.10.15"]
[EventType "swiss"]
[EventRounds "6"]
[EventCountry "USA"]
[SourceTitle "EXT 2009"]
[Source "ChessBase"]
[SourceDate "2008.11.26"]
[SourceVersion "1"]
[SourceVersionDate "2008.11.26"]
[SourceQuality "1"]

1. e4 e5 2. Nf3 Nc6 3. Bb5 a6 4. Ba4 Nf6 5. 0-0 Be7 6. Re1 b5 7. Bb3 d6 8. c3 0-0 9. h3 Bb7 10. d4 Re8 11. a4 Bf8 12. a5 h6 13. d5 Nb8 14. c4 c6 15. Nbd2 bxc4 16. dxc6 Nxc6 17. Bxc4 Rc8 18. b3 Nxa5 19. Ba3 Qb6 20. Rc1 Bc6 21. Qe2 Bb7 22. Qf1 Nh5 23. g3 Nf6 24. Bd3 Nxb3 25. Nxb3 0-1

[Event "World op 32nd"]
[Site "Philadelphia"]
[Date "2004.07.04"]
[Round "7"]
[White "Browne, Walter Shawn"]
[Black "Karklins, Andrew"]
[Result "1/2-1/2"]
[WhiteElo "2456"]
[BlackElo "2298"]
[PlyCount "98"]
[EventDate "2004.07.01"]
[EventType "swiss"]
[EventRounds "9"]
[EventCountry "USA"]
[SourceTitle "CBM 101 Extra"]
[Source "ChessBase"]
[SourceDate "2004.09.01"]
[SourceVersion "2"]
[SourceVersionDate "2004.09.01"]
[SourceQuality "1"]

1. d4 Nf6 2. c4 e6 3. Nf3 Bb4+ 4. Nbd2 a5 5. e3 d6 6. Bd3 e5 7. 0-0 Bxd2 8. Nxd2 0-0 9. Ne4 Nxe4 10. Bxe4 Nd7 11. b3 Qh4 12. Bc2 Re8 13. f3 a4 14. Bb2 Qh6 15. Re1 e4 16. Bxe4 Rxe4 17. fxe4 a3 18. Bc3 Nf6 19. Qf3 Bg4 20. Qf4 Qg6 21. d5 Nxe4 22. Bd4 h5 23. Kh1 c5 24. dxc6 bxc6 25. Rac1 Ra5 26. c5 dxc5 27. Ba1 Be6 28. Rcd1 Bd5 29. Re2 Ra8 30. Rc1 Re8 31. Rcc2 Be6 32. Rc1 Rd8 33. Rec2 Rd5 34. h3 Rg5 35. Kh2 Bd5 36. Rg1 Kh7 37. g4 hxg4 38. Rxg4 Rxg4 39. hxg4 Nf6 40. e4 Nxg4+ 41. Kh3 Bxe4 42. Re2 Bf5 43. Kh4 Nf6 44. Bxf6 Qxf6+ 45. Qg5 Qxg5+ 46. Kxg5 Bd3 47. Rh2+ Kg8 48. Rh4 f6+ 49. Kh5 Be2+ 1/2-1/2

[Event "World op 32nd"]
[Site "Philadelphia"]
[Date "2004.07.02"]
[Round "4"]
[White "Onischuk, Alexander"]
[Black "Browne, Walter Shawn"]
[Result "1/2-1/2"]
[WhiteElo "2655"]
[BlackElo "2502"]
[PlyCount "53"]
[EventDate "2004.07.01"]
[EventType "swiss"]
[EventRounds "9"]
[EventCountry "USA"]
[SourceTitle "CBM 101 Extra"]
[Source "ChessBase"]
[SourceDate "2004.09.01"]
[SourceVersion "2"]
[SourceVersionDate "2004.09.01"]
[SourceQuality "1"]

1. d4 Nf6 2. c4 e6 3. Nc3 Bb4 4. e3 c5 5. Nge2 cxd4 6. exd4 d5 7. c5 e5 8. dxe5 Ng4 9. e6 0-0 10. Qd4 Bxc3+ 11. Nxc3 Bxe6 12. Bb5 Nc6 13. Bxc6 bxc6 14. h3 Qf6 15. Ne2 Qxd4 16. Nxd4 Ne5 17. b3 Bd7 18. Kd2 Ng6 19. Kc3 Rfe8 20. Bd2 Nf8 21. b4 a5 22. a3 Ne6 23. Be3 Nxd4 24. Bxd4 f6 25. Rhe1 Rxe1 26. Rxe1 Kf7 27. a4 1/2-1/2

[Event "World op 32nd"]
[Site "Philadelphia"]
[Date "2004.07.01"]
[Round "1"]
[White "Browne, Walter Shawn"]
[Black "Samimi, Sohrab"]
[Result "1-0"]
[WhiteElo "2456"]
[BlackElo "2165"]
[PlyCount "59"]
[EventDate "2004.07.01"]
[EventType "swiss"]
[EventRounds "9"]
[EventCountry "USA"]
[SourceTitle "CBM 101 Extra"]
[Source "ChessBase"]
[SourceDate "2004.09.01"]
[SourceVersion "2"]
[SourceVersionDate "2004.09.01"]
[SourceQuality "1"]

1. d4 Nf6 2. c4 g6 3. Nc3 Bg7 4. e4 d6 5. f3 0-0 6. Be3 c5 7. Nge2 Nc6 8. d5 Ne5 9. Ng3 a6 10. a4 b6 11. Be2 Rb8 12. h3 Ne8 13. f4 Nd7 14. 0-0 e6 15. dxe6 fxe6 16. Qd2 Bb7 17. Rad1 Bc6 18. Kh2 Qe7 19. b3 Bf6 20. Bf3 Bxc3 21. Qxc3 e5 22. f5 Ndf6 23. Qd2 Qb7 24. Bh6 Rf7 25. Qg5 Nxe4 26. Bxe4 Bxe4 27. fxg6 Bxg6 28. Rxf7 Qxf7 29. Rf1 Qxf1 30. Nxf1 1-0